America
| Título anterior: | Messenger |
|---|---|
| Formato: | Electrónico Revista |
| Lenguaje: | inglés |
| Publicado: |
New York, N.Y. :
America Press
|
| Materias: | |
| Acceso en línea: | Full text available from Research Library: 01/09/1988 to present Full text available from PRISMA Database with HAPI Index: 01/01/1990 to 12/31/1992 Full text available from PRISMA Database with HAPI Index: 01/01/1995 to 12/31/1995 Full text available from PRISMA Database with HAPI Index: 01/01/1997 to 12/31/1999 Full text available from PRISMA Database with HAPI Index: 01/01/2003 to 12/31/2003 Full text available from PRISMA Database with HAPI Index: 01/01/2005 to 12/31/2006 Full text available from PRISMA Database with HAPI Index: 01/01/2011 to 01/31/2016 |
MARC
| LEADER | 00000nas a22000007a 4500 | ||
|---|---|---|---|
| 001 | ssj0011859 | ||
| 003 | WaSeSS | ||
| 005 | 20200512172242.0 | ||
| 006 | m d | ||
| 007 | cr n | ||
| 008 | 050614c19099999nyuwx pss 0 a0eng c | ||
| 010 | |a 2008214621 | ||
| 022 | |a 1943-3697 |l 0002-7049 |y 0002-7049 | ||
| 035 | |a (WaSeSS)ssj0011859 | ||
| 037 | |b America Magazine, 106 West 56th St., New York, NY 10019 | ||
| 040 | |a OCLCS |b eng |c OCLCS |d NSD |d OCLCQ |d CUS |d OCLCQ |d OCLCF |d OCLCQ |d AUD |d VT2 |d WaSeSS | ||
| 042 | |a nsdp |a pcc | ||
| 050 | 4 | |a BX801 |b .A5 | |
| 082 | 0 | 4 | |a 282 |
| 082 | 1 | 0 | |a 282 |2 14 |
| 130 | 0 | |a America (New York, N.Y. : 1909 : Online) | |
| 222 | 0 | |a America |b (New York, N.Y. 1909. Online) | |
| 245 | 1 | 0 | |a America |h [electronic resource]. |
| 260 | |a New York, N.Y. : |b America Press | ||
| 310 | |a 41 no. a year | ||
| 321 | |a Weekly (irregular) | ||
| 362 | 1 | |a Print began with v. 1 in (no. 1- ); Apr. 17, 1909. | |
| 506 | |a License restrictions may limit access. | ||
| 515 | |a Combined issues are published biweekly in some months. | ||
| 550 | |a Published by Jesuits of the United States and Canada. | ||
| 588 | |a Description based on: Vol. 182 no. 1 (Jan. 1 2000) = whole no. 4471; title from caption (viewed publisher's Web site July 21, 2008). | ||
| 588 | |a Latest issue consulted: Vol. 199 no. 1 (July 21, 2008) = whole no. 4821 (viewed publisher's Web site July 21, 2008). | ||
| 610 | 2 | 0 | |a Catholic Church |v Periodicals. |
| 610 | 2 | 7 | |a Catholic Church. |2 fast |0 (OCoLC)fst00531720 |
| 610 | 2 | 6 | |a Église catholique |v Périodiques. |
| 655 | 0 | |a Electronic journals. | |
| 776 | 0 | 8 | |i Print version: |t America |x 0002-7049 |w (DLC) 10002409 |w (OCoLC)1479242 |
| 780 | 0 | 2 | |t Messenger |
| 856 | 4 | 0 | |z Full text available from Research Library: 01/09/1988 to present |u https://search.proquest.com/publication/41791 |
| 856 | 4 | 0 | |z Full text available from PRISMA Database with HAPI Index: 01/01/1990 to 12/31/1992 |u https://search.proquest.com/publication/54638 |
| 856 | 4 | 0 | |z Full text available from PRISMA Database with HAPI Index: 01/01/1995 to 12/31/1995 |u https://search.proquest.com/publication/54638 |
| 856 | 4 | 0 | |z Full text available from PRISMA Database with HAPI Index: 01/01/1997 to 12/31/1999 |u https://search.proquest.com/publication/54638 |
| 856 | 4 | 0 | |z Full text available from PRISMA Database with HAPI Index: 01/01/2003 to 12/31/2003 |u https://search.proquest.com/publication/54638 |
| 856 | 4 | 0 | |z Full text available from PRISMA Database with HAPI Index: 01/01/2005 to 12/31/2006 |u https://search.proquest.com/publication/54638 |
| 856 | 4 | 0 | |z Full text available from PRISMA Database with HAPI Index: 01/01/2011 to 01/31/2016 |u https://search.proquest.com/publication/54638 |